000 00488nam a22001937a 4500
005 20170124110128.0
010 _a735903
020 _c00.00
035 _a735903
037 _bCen Lib/Ret
040 _aDPL
_bEN
082 _aN
_bSTR
100 _aStrang, Herbert
_931756
245 _aSettlers and scouts /
_cby Herbert Strang
260 _aLondon
_bOxford University Press
_c1943
300 _ax,374p.
_c18cm(Hb)
650 _aEnglish fiction
_931757
942 _2ddc
_cEN
_hN
_mSTR
999 _c131437
_d131437